00299 2200133 4500245005100000250000800051100002000059650001200079005001900091260002100110041001400131084001100145336000900156 aIndonesia Pelangi DuniacFreddy H TulunghText acet aFreddy H Tulung aSejarah a20240903101133 aJakartabKominfo aIndonesia a915.98 atext